| 000 | 00866nam a2200265 i 4500 | ||
|---|---|---|---|
| 001 | bg | ||
| 003 | BPK | ||
| 005 | 20200415142141.0 | ||
| 008 | 070614s1970 pl a f |000 0 pol | ||
| 015 | _aPB 1971/1070 | ||
| 040 |
_aWA N _cBPK |
||
| 080 | _a621.74 | ||
| 080 | _a(075) | ||
| 100 | 1 |
_aBłaszkowski, Krzysztof _d(1935-1995) |
|
| 245 | 1 | 0 |
_aTechnologia formy i rdzenia / _cKrzysztof Błaszkowski. |
| 250 | _aWyd. 2. | ||
| 260 |
_a[Warszawa] : _bPaństwowe Wydawnictwo Szkolnictwa Zawodowego, _cdr. 1970. |
||
| 300 |
_a383, [1] s., [4] k. tabl. : _bil. ; _c23 cm. |
||
| 504 | _aBibliogr. | ||
| 521 | 8 | _aDla kl. 4 i 5 technikum odlewn. | |
| 655 | 4 | _aPodręczniki dla szkół zawodowych | |
| 650 | 4 | _aOdlewnictwo | |
| 856 |
_uhttp://koha.tu.koszalin.pl/cgi-bin/koha/opac-detail.pl?biblionumber=7163 _yKatalog online BPK |
||
| 942 |
_2UKD _cKS |
||
| 999 |
_c7163 _d7163 |
||